Statistiken für Städte Kroatien

Klicken Sie hier um das Quiz zu spielen!

Allgemein

  • Dieses Quiz wurde 582 mal gespielt
  • Das Durchschnittsergebnis liegt bei 16 aus 52

Antwortstatistiken

EinwohnerStadt% Korrekt
779.145Zagreb
100%
193.664Split
97%
43.770Dubrovnik
84%
144.043Rijeka
78%
72.718Zadar
76%
58.594Pula
72%
114.616Osijek
69%
51.553Sibenik
56%
59.395Karlovac
53%
13.716Makarska
49%
64.612Slavonski Brod
49%
31.670Vukovar
49%
49.075Varazdin
45%
17.460Porec
42%
14.234Rovinj
36%
15.190Knin
35%
52.236Sisak
34%
12.995Trogir
34%
35.912Vinkovci
31%
12.980Gospic
30%
15.472Omis
30%
41.869Bjelovar
29%
63.517Velika Gorica
27%
28.201Pozega
25%
30.092Dakovo
24%
25.373Sinj
24%
22.618Virovitica
24%
30.994Koprivnica
23%
30.455Cakovec
20%
15.054Ogulin
20%
23.125Zapresic
20%
24.597Kutina
19%
15.833Nova Gradiska
18%
36.206Samobor
18%
13.243Daruvar
17%
14.300Dugo Selo
16%
23.413Petrinja
16%
16.383Zupanja
16%
34.103Kastela
15%
15.384Metkovic
15%
19.011Solin
15%
17.320Nasice
14%
22.324Krizevci
12%
14.723Ivanic-Grad
11%
16.689Jastrebarsko
10%
14.313Novska
9%
14.819Slatina
9%
13.857Novi Marof
7%
14.434Ivanec
6%
15.506Sveta Nedelja
6%
16.268Sveti Ivan Zelina
6%
14.658Vrbovec
6%

Verteilung der Resultate

Perzentil nach korrekt beantworteten Fragen

Anzahl Personen mit jedem Resultat

Ihre Resultats-Entwicklung

Sie haben dieses Quiz noch nicht gespielt